1793 1006 1229 1332 1281 1875 1590 1076 1983 1962 1779 1458 1554 1933 1624 1259 1369 1221 1453 1594 1116 1826 1358 1924 1224 1708 1159 1137 1528 1142 1310 1568 1668 1277 1342 1856 1339 1166 1583 1037 1975 1810 1912 1847 1016 1591 1391 1005 1948 1181 1153 1750 1719 1190 1004 1108 1974 1112 1865 1323 1949 1207 1072 1400 1495 1311 1618 1142 1976 1638 1560 1959 1664 1418 1030 1410 1656 1319 1830 1749 1299 1975 1119 1253 1448 1074 1637 1542 1104 1829 1702 1112 1857 1086 1149 1011 1895 1366 1101 BCNSPRNW ULIB Ver.6.0+V

เปลี่ยนเป็นภาษาไทย

Change to English
 แสดงรายละเอียดบรรณานุกรม
  กลับหน้าหลัก

Brief Record : Get Marc (ISO 2709) : E-mail record : QR code < ปิดหน้าต่าง
LEADER : 00000nam 2200000uu 4500
001    13399108575
003     ULIB
008    110309s2553||||th 000 0 tha d
020    9786167203034
060  4 QV767^bพ842ช 2553
100 0  พูกานดา พิศชมพู
245 00 ชา:เครื่องดื่มสุขภาพร่วมสมัย/^cพูกานดา พิศชมพู
260    กรุงเทพฯ:^bแพลน บี,^c2553
300    144 หน้า
650  7 ชา
945    ^p125^l0^i028434
995    ทศพร
999 ^a ใช้งานได้ทุกระบบ
รายการนี้ยังไม่มีแท็ก
คุณยังไม่ได้ล็อกอิน คุณสามารถมีกิจกรรมร่วมกับเว็บไซต์ได้ แต่ต้องล็อกอินก่อน ::
  ล็อกอิน

รายการสื่อสารสนเทศ

ลำดับที่ ประเภท เลขเรียก/บาร์โค้ด สถานที่ สถานะ
1. วิทยาศาสตร์การแพทย์ และสุขภาพ
หนังสือสำรอง
สถานะ=หนังสือสำรอง
QV767 พ842ช 2553 ฉ.1 
  Barcode: 028434
ห้องสมุดวิทยาเขตสวรรค์ประชารักษ์
►ส่วนจัดเก็บหนังสือเก่า สปร
บนชั้น
  ขอยืม

รายการใกล้เคียง
    ผู้แต่ง [พูกานดา พิศชมพู]

    หัวเรื่อง [ชา]

BibComment


ยังไม่เคยถูกคอมเมนท์

คอมเมนท์ทรัพยากรรายการนี้
  คอมเมนท์: ชาเครื่องดื่มสุขภ..


 Copyright 2026. Bcnsprnw @Library